Plan estratégico de bahía blanca : documento final /

Guardado en:
Formato: Libro
Publicado: Bahía Blanca : Dirección de Planificación Estratégica, 2000
Materias:
Etiquetas: Agregar Etiqueta
Sin Etiquetas, Sea el primero en etiquetar este registro!
LEADER 00746nam a22002055a 4500
001 CEM.cems010930
005 20080304151747.0
008 130507s2000##################000#0#####d
003 CEMS
082 0 4 |a 711.09821 
245 0 0 |a Plan estratégico de bahía blanca :  |b documento final / 
260 |a Bahía Blanca :  |b Dirección de Planificación Estratégica,  |c 2000 
300 |a 281 p. 
500 |a Etapa de reformulación diciembre 1997 - diciembre de 1999 
653 |a Bahía blanca 
653 |a Bahía blanca-planeamiento 
653 |a Bahía blanca-economía 
653 |a Bahía blanca-geografía 
859 |a CEMS  |b BIB. CEMS - 11 de abril  |h 711.09821  |i B147-2  |p 21715.02  |t Ej.1 
859 |a CEMS  |b BIB. CEMS - 11 de abril  |h 711.09821  |i B147-2  |p 21740.02  |t Ej.2